| 000 | 01412cam a2200373 a 4500 | ||
|---|---|---|---|
| 001 | 2505337 | ||
| 003 | EG-ScBUE | ||
| 005 | 20220322111701.0 | ||
| 008 | 920824s1994 nyu f 000 1 eng d | ||
| 020 | _a9780679734529 | ||
| 020 | _a067942315X | ||
| 040 |
_aDLC _beng _erda _cDLC _dDLC _dOCoLC _dDLC _dEG-ScBUE |
||
| 041 | 1 |
_aeng _hrus |
|
| 043 | _ae-ur-ru | ||
| 082 | 0 | 4 |
_a891.733 _222 _bDOS |
| 100 | 1 |
_aDostoyevsky, Fyodor, _d1821-1881, _eauthor. _929891 |
|
| 245 | 1 | 0 |
_aNotes from underground / _cFyodor Dostoevsky ; translated and annotated by Richard Pevear and Larissa Volokhonsky. |
| 264 | 1 |
_aNew York : _bVintage Books, _c1994. |
|
| 300 |
_axxiii, 136 pages ; _c23 cm. |
||
| 336 |
_2rdacontent _atext _btxt |
||
| 337 |
_2rdamedia _aunmediated _bn |
||
| 338 |
_2rdacarrier _avolume _bnc |
||
| 490 | 0 | _aVintage classics | |
| 546 | _aText in English ; translated from the original Russian. | ||
| 650 | _2BUEsh | ||
| 651 | 7 |
_aRussia _xHistory _y1801-1917 _xFiction. _929892 _2BUEsh |
|
| 651 | 7 |
_aRussia _xOfficials and employees _xFiction. _929893 _2BUEsh |
|
| 653 |
_cMay2012 _bHHUUEENN |
||
| 655 | 7 |
_aPolitical fiction. _2lcsh _vReading book |
|
| 700 | 1 |
_aPevear, Richard, _d1943- _etranslator. _929895 |
|
| 700 | 1 |
_aVolokhonsky, Larissa, _etranslator. _929896 |
|
| 942 |
_2ddc _cBB |
||
| 999 |
_c16724 _d16724 |
||